000 00506pab a2200181 454500
008 180718b2010 xxu||||| |||| 00| 0 eng d
100 _aSaez, Lawrence
245 _aPolitical cycles, political institutions and public expenditure in India, 1980-2000
260 _c2010
300 _ap.93-113.
362 _aJan
650 _aPublic expenditure - India
650 _aPublic expenditure
700 _aSinha, Aseema
773 _aBritish Journal of Political Science
908 _aN
909 _a86377
999 _c86377
_d86377